[Event "Bundesliga 9899"]
[Site "Deutschland"]
[Date "1999.02.20"]
[Round "10.2"]
[White "Hodgson, Julian M"]
[Black "Nielsen, Peter Heine"]
[Result "1/2-1/2"]
[WhiteElo "2565"]
[BlackElo "2515"]
[PlyCount "152"]
[EventDate "1998.10.17"]
[EventType "team"]
[EventRounds "15"]
[EventCountry "GER"]
[SourceTitle "Bundesliga 9899"]
[Source "DeepChess"]
[SourceDate "2005.01.01"]
[SourceVersion "1"]
[SourceVersionDate "2005.01.01"]
[SourceQuality "1"]
[WhiteTeam "Delmenhorster SK 1931"]
[BlackTeam "SV Wattenscheid 1930"]
[WhiteTeamCountry "GER"]
[BlackTeamCountry "GER"]

1. d4 d5 2. c4 e6 3. Nf3 Nf6 4. g3 Be7 5. Bg2 O-O 6. O-O dxc4 7. Na3 Bxa3 8.
bxa3 Bd7 9. Ne5 Bc6 10. Nxc6 Nxc6 11. Bb2 Nd5 12. Rb1 Qd6 13. Qc2 Nb6 14. Rfd1
Rad8 15. Be4 h6 16. Qc3 e5 17. dxe5 Qxd1+ 18. Rxd1 Rxd1+ 19. Kg2 Na4 20. Qc2
Nxb2 21. Qxb2 Re8 22. Qc2 Rdd8 23. f4 Nd4 24. Qxc4 c6 25. Kf2 Ne6 26. Bf5 Re7
27. h4 Rd4 28. Qc3 Red7 29. h5 R4d5 30. Bxe6 fxe6 31. Qc2 Re7 32. g4 Rd8 33.
Kg3 Rf7 34. Qc4 Re8 35. Qc5 a6 36. Qd6 Rfe7 37. Kh4 Rf7 38. e3 Kh7 39. a4 Kg8
40. a5 Kh7 41. Kg3 Rfe7 42. Kh4 Rf7 43. g5 hxg5+ 44. Kxg5 Rf5+ 45. Kg4 Rf7 46.
Kh4 Kg8 47. Kg5 Rf5+ 48. Kg6 Rf7 49. a3 Rfe7 50. e4 Kh8 51. f5 exf5 52. exf5
Rxe5 53. h6 R5e7 54. Qd4 Rg8 55. Qc3 c5 56. hxg7+ Rgxg7+ 57. Kh6 Ref7 58. Qe5
Kg8 59. Qe8+ Rf8 60. Qe6+ Rgf7 61. Kg6 Kh8 62. Qxf7 Rxf7 63. Kxf7 c4 64. f6 c3
65. Ke8 c2 66. f7 c1=Q 67. f8=Q+ Kh7 68. Qf7+ Kh6 69. Qf6+ Kh7 70. Qe7+ Kg6 71.
Qf7+ Kh6 72. Qxb7 Qe1+ 73. Kd7 Qxa5 74. Qb4 Qf5+ 75. Kc6 a5 76. Qc5 Kg6 1/2-1/2

[Event "Bundesliga 9899"]
[Site "Deutschland"]
[Date "1999.02.20"]
[Round "10.3"]
[White "Hall, Jesper"]
[Black "Conquest, Stuart"]
[Result "1-0"]
[WhiteElo "2486"]
[BlackElo "2488"]
[PlyCount "77"]
[EventDate "1998.10.17"]
[EventType "team"]
[EventRounds "15"]
[EventCountry "GER"]
[SourceTitle "Bundesliga 9899"]
[Source "DeepChess"]
[SourceDate "2005.01.01"]
[SourceVersion "1"]
[SourceVersionDate "2005.01.01"]
[SourceQuality "1"]
[WhiteTeam "SV Wattenscheid 1930"]
[BlackTeam "Delmenhorster SK 1931"]
[WhiteTeamCountry "GER"]
[BlackTeamCountry "GER"]

1. e4 c6 2. d4 d5 3. e5 Bf5 4. Nc3 e6 5. Be3 Ne7 6. g4 Bg6 7. Nge2 h5 8. Nf4
hxg4 9. Nxg6 Nxg6 10. Qxg4 Nd7 11. O-O-O Qa5 12. Bd3 Ne7 13. Bg5 b5 14. Kb1 Nb6
15. Ne2 Nc4 16. Nc1 Qb4 17. Nb3 Nxe5 18. Qg3 Nc4 19. Rhe1 g6 20. c3 Qd6 21. Bf4
Qd8 22. Nc5 Bh6 23. Nxe6 fxe6 24. Rxe6 Bxf4 25. Qxf4 Rf8 26. Qg5 Kd7 27. Rde1
Rf7 28. b3 Nb6 29. Bxg6 Nxg6 30. Qxg6 Qg8 31. Rd6+ Kc7 32. Qe6 Kb7 33. Rxc6
Qh7+ 34. Ka1 Rxf2 35. Qd6 Rf7 36. Re6 Rd7 37. Rxb6+ axb6 38. Qxb6+ Kc8 39. Re8+
1-0

[Event "Bundesliga 9899"]
[Site "Deutschland"]
[Date "1999.02.20"]
[Round "10.4"]
[White "Gisbrecht, Ewgeni"]
[Black "Sjodahl, Pontus"]
[Result "1/2-1/2"]
[WhiteElo "2405"]
[BlackElo "2420"]
[PlyCount "81"]
[EventDate "1998.10.17"]
[EventType "team"]
[EventRounds "15"]
[EventCountry "GER"]
[SourceTitle "Bundesliga 9899"]
[Source "DeepChess"]
[SourceDate "2005.01.01"]
[SourceVersion "1"]
[SourceVersionDate "2005.01.01"]
[SourceQuality "1"]
[WhiteTeam "Delmenhorster SK 1931"]
[BlackTeam "SV Wattenscheid 1930"]
[WhiteTeamCountry "GER"]
[BlackTeamCountry "GER"]

1. Nf3 d5 2. c4 e6 3. g3 Nf6 4. Bg2 dxc4 5. Qa4+ Nbd7 6. Qxc4 a6 7. b3 b5 8.
Qc2 Bb7 9. O-O c5 10. Bb2 Be7 11. d3 O-O 12. Nbd2 Qb6 13. Rac1 Nd5 14. Qb1 Rfc8
15. Qa1 Bf8 16. a3 h6 17. Rc2 a5 18. a4 Nb4 19. Rcc1 Bd5 20. Ne5 Nxe5 21. Bxe5
Qb7 22. Be4 Nc6 23. Bc3 Ra6 24. Rb1 Rb8 25. Bf3 Nb4 26. Be5 Rc8 27. axb5 Qxb5
28. Qa4 Qxa4 29. bxa4 Bxf3 30. Nxf3 c4 31. Rbc1 Rac6 32. Nd4 Rc5 33. Rxc4 Rxc4
34. dxc4 Rxc4 35. Nb3 Nc6 36. Bc7 Rxa4 37. Rc1 Nd4 38. Nxd4 Rxd4 39. Bxa5 Ra4
40. Bc3 Rc4 41. Bd2 1/2-1/2

[Event "Bundesliga 9899"]
[Site "Deutschland"]
[Date "1999.02.20"]
[Round "10.5"]
[White "Holzke, Frank"]
[Black "Lauber, Arnd"]
[Result "0-1"]
[WhiteElo "2447"]
[BlackElo "2418"]
[PlyCount "92"]
[EventDate "1998.10.17"]
[EventType "team"]
[EventRounds "15"]
[EventCountry "GER"]
[SourceTitle "Bundesliga 9899"]
[Source "DeepChess"]
[SourceDate "2005.01.01"]
[SourceVersion "1"]
[SourceVersionDate "2005.01.01"]
[SourceQuality "1"]
[WhiteTeam "SV Wattenscheid 1930"]
[BlackTeam "Delmenhorster SK 1931"]
[WhiteTeamCountry "GER"]
[BlackTeamCountry "GER"]

1. e4 c5 2. Nf3 Nc6 3. d4 cxd4 4. Nxd4 Nf6 5. Nc3 e5 6. Ndb5 d6 7. Bg5 a6 8.
Na3 b5 9. Bxf6 gxf6 10. Nd5 f5 11. Bd3 Be6 12. O-O Bg7 13. Qh5 f4 14. c4 bxc4
15. Bxc4 Nd4 16. Rac1 Rc8 17. Bxa6 Rxc1 18. Rxc1 O-O 19. Nb5 Nxb5 20. Bxb5 Bxd5
21. exd5 f5 22. g3 e4 23. gxf4 Bxb2 24. Rb1 Bd4 25. Rb3 Kh8 26. Bc6 Qa5 27. Qe2
Qc5 28. Kg2 Qc1 29. Bd7 Qxf4 30. Be6 Qh4 31. Rg3 Be5 32. Rh3 Qg5+ 33. Kf1 Rb8
34. Qh5 Rb1+ 35. Ke2 Rb2+ 36. Kf1 Rb1+ 37. Ke2 Rb2+ 38. Kf1 Qxh5 39. Rxh5 f4
40. Bf5 e3 41. fxe3 fxe3 42. Bd3 Rf2+ 43. Kg1 Rd2 44. Bxh7 Kg7 45. Kf1 Rf2+ 46.
Kg1 Bxh2+ 0-1

[Event "Bundesliga 9899"]
[Site "Deutschland"]
[Date "1999.02.20"]
[Round "10.6"]
[White "Borik, Otto"]
[Black "Koehn, Peter"]
[Result "1-0"]
[WhiteElo "2415"]
[BlackElo "2350"]
[PlyCount "43"]
[EventDate "1998.10.17"]
[EventType "team"]
[EventRounds "15"]
[EventCountry "GER"]
[SourceTitle "Bundesliga 9899"]
[Source "DeepChess"]
[SourceDate "2005.01.01"]
[SourceVersion "1"]
[SourceVersionDate "2005.01.01"]
[SourceQuality "1"]
[WhiteTeam "Delmenhorster SK 1931"]
[BlackTeam "SV Wattenscheid 1930"]
[WhiteTeamCountry "GER"]
[BlackTeamCountry "GER"]

1. e4 e5 2. Nf3 Nc6 3. Bb5 a6 4. Ba4 Nf6 5. O-O b5 6. Bb3 Be7 7. d4 Nxe4 8.
Nxe5 Nxe5 9. dxe5 Bb7 10. Qg4 O-O 11. Rd1 Bc5 12. Bh6 g6 13. Rf1 Re8 14. Qf4 d5
15. exd6 Qd7 16. Nc3 Bxd6 17. Nxe4 Rxe4 18. Qf6 Be5 19. Rad1 Qe8 20. Bxf7+ Qxf7
21. Rd8+ Qe8 22. Qe6+ 1-0

[Event "Bundesliga 9899"]
[Site "Deutschland"]
[Date "1999.02.20"]
[Round "10.7"]
[White "Straeter, Timo"]
[Black "Jugelt, Tobias"]
[Result "0-1"]
[WhiteElo "2313"]
[BlackElo "2363"]
[PlyCount "96"]
[EventDate "1998.10.17"]
[EventType "team"]
[EventRounds "15"]
[EventCountry "GER"]
[SourceTitle "Bundesliga 9899"]
[Source "DeepChess"]
[SourceDate "2005.01.01"]
[SourceVersion "1"]
[SourceVersionDate "2005.01.01"]
[SourceQuality "1"]
[WhiteTeam "SV Wattenscheid 1930"]
[BlackTeam "Delmenhorster SK 1931"]
[WhiteTeamCountry "GER"]
[BlackTeamCountry "GER"]

1. Nf3 d5 2. d4 Nf6 3. Bf4 c5 4. e3 Qb6 5. Qc1 Nc6 6. c3 Bf5 7. Be2 h6 8. O-O
e6 9. Nbd2 Be7 10. dxc5 Bxc5 11. b4 Be7 12. a3 Nh5 13. c4 Nxf4 14. exf4 O-O 15.
c5 Qc7 16. Nb3 Bf6 17. Ra2 a5 18. b5 a4 19. Na1 Na5 20. b6 Qe7 21. Ne5 Rfc8 22.
Qd1 Nc6 23. Nd3 Bxd3 24. Bxd3 Qxc5 25. Nc2 Qxb6 26. Ne3 Qb3 27. Qe2 Nd4 28. Qd2
Qc3 29. Qd1 g6 30. Ng4 Bg7 31. Qb1 h5 32. Ne5 Bxe5 33. fxe5 Kg7 34. f4 Nb3 35.
f5 gxf5 36. Bxf5 Qe3+ 37. Raf2 Rc1 38. Rxc1 Qxc1+ 39. Qxc1 Nxc1 40. Bc2 b5 41.
Rf1 Ne2+ 42. Kf2 Nd4 43. Bd3 Rc8 44. Ke3 Nc2+ 45. Kf4 Nxa3 46. Kg5 Nc4 47. Kxh5
b4 48. h4 Nxe5 0-1

[Event "Bundesliga 9899"]
[Site "Deutschland"]
[Date "1999.02.20"]
[Round "10.8"]
[White "Plump, Detlef"]
[Black "Thiel, Thomas"]
[Result "0-1"]
[WhiteElo "2231"]
[BlackElo "2311"]
[PlyCount "56"]
[EventDate "1998.10.17"]
[EventType "team"]
[EventRounds "15"]
[EventCountry "GER"]
[SourceTitle "Bundesliga 9899"]
[Source "DeepChess"]
[SourceDate "2005.01.01"]
[SourceVersion "1"]
[SourceVersionDate "2005.01.01"]
[SourceQuality "1"]
[WhiteTeam "Delmenhorster SK 1931"]
[BlackTeam "SV Wattenscheid 1930"]
[WhiteTeamCountry "GER"]
[BlackTeamCountry "GER"]

1. e4 c5 2. Nf3 Nc6 3. d4 cxd4 4. Nxd4 Nf6 5. Nc3 d6 6. Bc4 Na5 7. Bb3 a6 8.
O-O g6 9. f4 Nxb3 10. axb3 Bg7 11. h3 O-O 12. Be3 Bd7 13. Qf3 b5 14. e5 Ne8 15.
Nc6 Bxc6 16. Qxc6 dxe5 17. fxe5 Nc7 18. Rfd1 Qc8 19. Rd7 Bxe5 20. Rxe7 Ne6 21.
Qe4 Bxc3 22. bxc3 Qxc3 23. Rf1 Rac8 24. Rf2 Rc7 25. Rxc7 Qxc7 26. Bc1 Rd8 27.
Rf1 Nd4 28. Bg5 Qc5 $138 0-1

[Event "Bundesliga 9899"]
[Site "Deutschland"]
[Date "1999.02.20"]
[Round "10.1"]
[White "Lutz, Christopher"]
[Black "Bologan, Viktor"]
[Result "1/2-1/2"]
[WhiteElo "2610"]
[BlackElo "2608"]
[PlyCount "74"]
[EventDate "1998.10.17"]
[EventType "team"]
[EventRounds "15"]
[EventCountry "GER"]
[SourceTitle "Bundesliga 9899"]
[Source "DeepChess"]
[SourceDate "2005.01.01"]
[SourceVersion "1"]
[SourceVersionDate "2005.01.01"]
[SourceQuality "1"]
[WhiteTeam "SG Porz e.V."]
[BlackTeam "Dresdner SC 1898"]
[WhiteTeamCountry "GER"]
[BlackTeamCountry "GER"]

1. e4 c5 2. Nf3 d6 3. d4 cxd4 4. Nxd4 Nf6 5. Nc3 a6 6. Be2 e5 7. Nb3 Be7 8. O-O
O-O 9. Be3 Be6 10. f4 exf4 11. Rxf4 Nc6 12. Nd5 Bxd5 13. exd5 Ne5 14. Rb4 Qd7
15. a4 Rfe8 16. Kh1 Bd8 17. Bg1 Rc8 18. a5 Ng6 19. c3 Ne4 20. Nd4 Ne5 21. Qa4
Qxa4 22. Rbxa4 Nc5 23. Rb4 g6 24. Nb3 Rc7 25. Nxc5 dxc5 26. d6 cxb4 27. dxc7
Bxc7 28. cxb4 Nc6 29. Bf3 Nxb4 30. Bxb7 Re2 31. b3 Rb2 32. Rc1 Be5 33. g3 Kg7
34. Re1 Kf6 35. Rf1+ Kg7 36. Re1 Kf6 37. Rf1+ Kg7 1/2-1/2

[Event "Bundesliga 9899"]
[Site "Deutschland"]
[Date "1999.02.20"]
[Round "10.3"]
[White "Sokolov, Ivan"]
[Black "Boensch, Uwe"]
[Result "1/2-1/2"]
[WhiteElo "2610"]
[BlackElo "2533"]
[PlyCount "88"]
[EventDate "1998.10.17"]
[EventType "team"]
[EventRounds "15"]
[EventCountry "GER"]
[SourceTitle "Bundesliga 9899"]
[Source "DeepChess"]
[SourceDate "2005.01.01"]
[SourceVersion "1"]
[SourceVersionDate "2005.01.01"]
[SourceQuality "1"]
[WhiteTeam "SG Porz e.V."]
[BlackTeam "Dresdner SC 1898"]
[WhiteTeamCountry "GER"]
[BlackTeamCountry "GER"]

1. d4 Nf6 2. c4 e6 3. Nc3 d5 4. cxd5 exd5 5. Bg5 c6 6. e3 Nbd7 7. Bd3 Be7 8.
Qc2 Nh5 9. Bxe7 Qxe7 10. O-O-O g6 11. Nf3 Ndf6 12. h3 Ng7 13. g4 Be6 14. Kb1
Nd7 15. e4 dxe4 16. Bxe4 Nf6 17. Rhe1 O-O 18. d5 cxd5 19. Bxd5 Qc7 20. Bxe6
Nxe6 21. Qa4 Qc5 22. Nd4 Nxd4 23. Qxd4 Qxd4 24. Rxd4 Rfd8 25. Red1 Rxd4 26.
Rxd4 h6 27. h4 Re8 28. g5 hxg5 29. hxg5 Nh7 30. Ne4 Kg7 31. a4 Re7 32. Kc2 f5
33. gxf6+ Nxf6 34. Nd6 b6 35. Kd3 Nd7 36. b4 Ne5+ 37. Kc3 Kf6 38. f4 Nf7 39.
Nc4 g5 40. fxg5+ Nxg5 41. Rf4+ Ke6 42. b5 Kd7 43. Rf8 Ne4+ 44. Kb4 Nd6 1/2-1/2

[Event "Bundesliga 9899"]
[Site "Deutschland"]
[Date "1999.02.20"]
[Round "10.4"]
[White "Tischbierek, Raj"]
[Black "Vaganian, Rafael A"]
[Result "1/2-1/2"]
[WhiteElo "2521"]
[BlackElo "2605"]
[PlyCount "154"]
[EventDate "1998.10.17"]
[EventType "team"]
[EventRounds "15"]
[EventCountry "GER"]
[SourceTitle "Bundesliga 9899"]
[Source "DeepChess"]
[SourceDate "2005.01.01"]
[SourceVersion "1"]
[SourceVersionDate "2005.01.01"]
[SourceQuality "1"]
[WhiteTeam "Dresdner SC 1898"]
[BlackTeam "SG Porz e.V."]
[WhiteTeamCountry "GER"]
[BlackTeamCountry "GER"]

1. e4 e6 2. d4 d5 3. Nc3 Bb4 4. e5 b6 5. a3 Bf8 6. Nf3 Ne7 7. h4 h5 8. b4 Qd7
9. Rb1 Nf5 10. Bd3 g6 11. Bg5 c6 12. O-O Be7 13. Bxf5 gxf5 14. Ne2 Ba6 15. Re1
Bxe2 16. Qxe2 b5 17. a4 Na6 18. Bf6 Rh6 19. Bxe7 Kxe7 20. Ng5 Nc7 21. Qd2 Rhh8
22. Qc3 bxa4 23. Qc5+ Kd8 24. Ra1 Kc8 25. Rxa4 a6 26. Rea1 Kb7 27. Nf3 Rhe8 28.
Nd2 Qe7 29. Nb3 Qxc5 30. bxc5 Kc8 31. Rb4 Kd7 32. Rb6 Rec8 33. g3 Rab8 34. Kg2
Ra8 35. Kf3 Ra7 36. Kf4 Rg8 37. Na5 Rg4+ 38. Ke3 Re4+ 39. Kd3 f4 40. Nxc6 Ra8
41. Nb8+ Kc8 42. Nxa6 fxg3 43. fxg3 Rxa6 44. Raxa6 Nxa6 45. Rxa6 Rg4 46. Ra8+
Kb7 47. Rf8 Rxg3+ 48. Ke2 Rg7 49. Kf3 Kc6 50. c3 Rg1 51. Ke2 Rg2+ 52. Kd3 Rf2
53. Rh8 Kb5 54. Rxh5 Rf3+ 55. Ke2 Rxc3 56. Rg5 Kc6 57. Rg4 Kd7 58. Kf2 Rd3 59.
Rf4 Ke7 60. Kg2 Kf8 61. Rg4 Rd2+ 62. Kf3 Rd3+ 63. Ke2 Ra3 64. Kd2 Ke7 65. Rf4
Rb3 66. Kc2 Ra3 67. Rg4 Rh3 68. Kb2 Rf3 69. h5 Rh3 70. Rg8 Kd7 71. Rf8 Rxh5 72.
Rxf7+ Kc6 73. Re7 Kb5 74. Rxe6 Rh2+ 75. Kc3 Rh3+ 76. Kd2 Kc4 77. c6 Kxd4
1/2-1/2

[Event "Bundesliga 9899"]
[Site "Deutschland"]
[Date "1999.02.20"]
[Round "10.6"]
[White "Borriss, Martin"]
[Black "Stangl, Markus"]
[Result "1-0"]
[WhiteElo "2408"]
[BlackElo "2545"]
[PlyCount "73"]
[EventDate "1998.10.17"]
[EventType "team"]
[EventRounds "15"]
[EventCountry "GER"]
[SourceTitle "Bundesliga 9899"]
[Source "DeepChess"]
[SourceDate "2005.01.01"]
[SourceVersion "1"]
[SourceVersionDate "2005.01.01"]
[SourceQuality "1"]
[WhiteTeam "Dresdner SC 1898"]
[BlackTeam "SG Porz e.V."]
[WhiteTeamCountry "GER"]
[BlackTeamCountry "GER"]

1. e4 c5 2. Nf3 d6 3. d4 cxd4 4. Nxd4 Nf6 5. Nc3 a6 6. Be3 Ng4 7. Bg5 h6 8. Bh4
g5 9. Bg3 Bg7 10. Be2 h5 11. Bxg4 hxg4 12. Nd5 Nc6 13. Nf5 Bxb2 14. Rb1 Be5 15.
Bxe5 dxe5 16. Nfxe7 Be6 17. Rxb7 Nxe7 18. Rxe7+ Kf8 19. Rb7 Rc8 20. O-O Rc4 21.
Nc7 Qe7 22. Nxe6+ Qxe6 23. Qd8+ Kg7 24. Qxg5+ Qg6 25. Qxe5+ Qf6 26. Qxf6+ Kxf6
27. Rb6+ Ke5 28. Rxa6 Rxc2 29. Re1 Rb8 30. Ra5+ Ke6 31. Rg5 Rbb2 32. Rf1 Rxa2
33. Rxg4 Re2 34. h3 Ke5 35. f3 Kd4 36. Rd1+ Ke3 37. e5 1-0

[Event "Bundesliga 9899"]
[Site "Deutschland"]
[Date "1999.02.20"]
[Round "10.7"]
[White "Vogt, Lothar"]
[Black "Gauglitz, Gernot"]
[Result "1-0"]
[WhiteElo "2466"]
[BlackElo "2410"]
[PlyCount "151"]
[EventDate "1998.10.17"]
[EventType "team"]
[EventRounds "15"]
[EventCountry "GER"]
[SourceTitle "Bundesliga 9899"]
[Source "DeepChess"]
[SourceDate "2005.01.01"]
[SourceVersion "1"]
[SourceVersionDate "2005.01.01"]
[SourceQuality "1"]
[WhiteTeam "SG Porz e.V."]
[BlackTeam "Dresdner SC 1898"]
[WhiteTeamCountry "GER"]
[BlackTeamCountry "GER"]

1. e4 c5 2. c3 d5 3. exd5 Qxd5 4. d4 Nf6 5. Nf3 Bg4 6. Qa4+ Bd7 7. Qb3 Qxb3 8.
axb3 cxd4 9. Nxd4 Nc6 10. Nb5 Rc8 11. Be2 e5 12. Nd2 a6 13. Na3 Be7 14. O-O O-O
15. Ndc4 Be6 16. b4 Nd5 17. b5 axb5 18. Nxb5 Rfd8 19. Re1 f6 20. g3 g5 21. Ne3
Bc5 22. Nxd5 Bxd5 23. Bg4 Rb8 24. Nc7 Bf7 25. Ne6 Bxe6 26. Bxe6+ Kf8 27. b4 Bb6
28. b5 Ne7 29. c4 Bd4 30. Ra2 Bc3 31. Rf1 Rd6 32. Bh3 Rd4 33. c5 Rc4 34. Rc2
Rxc5 35. Ba3 Bb4 36. Rxc5 Bxa3 37. Rc7 Bd6 38. b6 g4 39. Bxg4 f5 40. Rd7 Bc5
41. Bf3 e4 42. Bh5 e3 43. fxe3 Bxb6 44. Kf2 Bc5 45. Kf3 b6 46. e4 Kg8 47. Rfd1
Nc6 48. Kf4 fxe4 49. Kxe4 Ra8 50. Bf7+ Kh8 51. Kd5 Ne7+ 52. Ke6 Ra2 53. R1d2
Ra1 54. Re2 Kg7 55. Be8 Kf8 56. Bh5 Rf1 57. Re4 Rh1 58. h4 Rg1 59. g4 Rf1 60.
g5 Rf2 61. Ra4 Rf1 62. Re4 Rf2 63. Bg4 Rf1 64. h5 Ke8 65. Ra7 Kd8 66. Ra8+ Kc7
67. Rh8 Kc6 68. Rxh7 Nd5 69. Rh6 Nc3 70. Ke5+ Kc7 71. Rh7+ Kb8 72. Rc4 Re1+ 73.
Kf5 Nd5 74. Re4 Rf1+ 75. Kg6 Rf8 76. Rf7 1-0

[Event "Bundesliga 9899"]
[Site "Deutschland"]
[Date "1999.02.20"]
[Round "10.8"]
[White "Heinatz, Thomas"]
[Black "Hort, Vlastimil"]
[Result "1/2-1/2"]
[WhiteElo "2320"]
[BlackElo "2526"]
[PlyCount "34"]
[EventDate "1998.10.17"]
[EventType "team"]
[EventRounds "15"]
[EventCountry "GER"]
[SourceTitle "Bundesliga 9899"]
[Source "DeepChess"]
[SourceDate "2005.01.01"]
[SourceVersion "1"]
[SourceVersionDate "2005.01.01"]
[SourceQuality "1"]
[WhiteTeam "Dresdner SC 1898"]
[BlackTeam "SG Porz e.V."]
[WhiteTeamCountry "GER"]
[BlackTeamCountry "GER"]

1. e4 c6 2. d4 d5 3. Nc3 dxe4 4. Nxe4 Bf5 5. Ng3 Bg6 6. h4 h6 7. Nf3 Nd7 8. h5
Bh7 9. Bd3 Bxd3 10. Qxd3 Ngf6 11. Bf4 Qa5+ 12. Bd2 Qc7 13. O-O-O e6 14. Ne4
Nxe4 15. Qxe4 Nf6 16. Qe2 O-O-O 17. g3 Bd6 1/2-1/2

[Event "Bundesliga 9899"]
[Site "Deutschland"]
[Date "1999.02.20"]
[Round "10.1"]
[White "Beikert, Guenther"]
[Black "Casper, Thomas"]
[Result "1/2-1/2"]
[WhiteElo "2440"]
[BlackElo "2435"]
[PlyCount "58"]
[EventDate "1998.10.17"]
[EventType "team"]
[EventRounds "15"]
[EventCountry "GER"]
[SourceTitle "Bundesliga 9899"]
[Source "DeepChess"]
[SourceDate "2005.01.01"]
[SourceVersion "1"]
[SourceVersionDate "2005.01.01"]
[SourceQuality "1"]
[WhiteTeam "SK Viernheim"]
[BlackTeam "Erfurter SK"]
[WhiteTeamCountry "GER"]
[BlackTeamCountry "GER"]

1. g3 Nf6 2. Bg2 d6 3. c4 e5 4. Nc3 Be7 5. e3 O-O 6. Nge2 c6 7. d4 Nbd7 8. b3
exd4 9. Nxd4 Nb6 10. O-O d5 11. cxd5 Nbxd5 12. Nxd5 Nxd5 13. Bb2 Bf6 14. Qe2
Re8 15. Rad1 Qb6 16. Rd2 a5 17. Bxd5 cxd5 18. Qb5 Qd8 19. Ne2 Bxb2 20. Rxb2 Bh3
21. Rc1 Qf6 22. Rd2 Rac8 23. Rxc8 Rxc8 24. Qxd5 h6 25. a4 b6 26. f4 Qa1+ 27.
Rd1 Qb2 28. Rd2 Qa1+ 29. Rd1 Qb2 1/2-1/2

[Event "Bundesliga 9899"]
[Site "Deutschland"]
[Date "1999.02.20"]
[Round "10.2"]
[White "Kuczynski, Robert"]
[Black "Sokolov, Andrei"]
[Result "1/2-1/2"]
[WhiteElo "2430"]
[BlackElo "2567"]
[PlyCount "37"]
[EventDate "1998.10.17"]
[EventType "team"]
[EventRounds "15"]
[EventCountry "GER"]
[SourceTitle "Bundesliga 9899"]
[Source "DeepChess"]
[SourceDate "2005.01.01"]
[SourceVersion "1"]
[SourceVersionDate "2005.01.01"]
[SourceQuality "1"]
[WhiteTeam "Erfurter SK"]
[BlackTeam "SK Viernheim"]
[WhiteTeamCountry "GER"]
[BlackTeamCountry "GER"]

1. e4 e5 2. Nf3 Nf6 3. Nxe5 d6 4. Nf3 Nxe4 5. d4 d5 6. Bd3 Nd6 7. O-O Be7 8.
Re1 O-O 9. c3 Nd7 10. Nbd2 Re8 11. Nf1 Nf8 12. Qc2 c6 13. h3 g6 14. Bf4 Bf5 15.
Bxf5 Nxf5 16. Re2 Ne6 17. Bh2 Bd6 18. Rae1 Qc7 19. Ng5 1/2-1/2

[Event "Bundesliga 9899"]
[Site "Deutschland"]
[Date "1999.02.20"]
[Round "10.3"]
[White "Kraai, Jesse"]
[Black "Enders, Peter"]
[Result "1-0"]
[WhiteElo "2386"]
[BlackElo "2474"]
[PlyCount "71"]
[EventDate "1998.10.17"]
[EventType "team"]
[EventRounds "15"]
[EventCountry "GER"]
[SourceTitle "Bundesliga 9899"]
[Source "DeepChess"]
[SourceDate "2005.01.01"]
[SourceVersion "1"]
[SourceVersionDate "2005.01.01"]
[SourceQuality "1"]
[WhiteTeam "SK Viernheim"]
[BlackTeam "Erfurter SK"]
[WhiteTeamCountry "GER"]
[BlackTeamCountry "GER"]

1. d4 Nf6 2. c4 e6 3. Nf3 b6 4. g3 Ba6 5. b3 Bb4+ 6. Bd2 Be7 7. Bg2 O-O 8. Nc3
d5 9. cxd5 exd5 10. Rc1 Bb7 11. O-O Na6 12. Ne5 Ba3 13. Rb1 Re8 14. Nd3 Bd6 15.
b4 c6 16. b5 cxb5 17. Nxb5 Bb8 18. Bg5 h6 19. Bxf6 Qxf6 20. e3 Nc7 21. Qb3 Nxb5
22. Qxb5 Rd8 23. a4 Rd6 24. Rfc1 Qd8 25. Rc3 a6 26. Qb3 Ba7 27. Bh3 Qe8 28.
Rbc1 Bc6 29. Ne5 Bxa4 30. Qa3 Rad8 31. Rc7 Bb8 32. Rc8 Bb5 33. Rxb8 Rxb8 34.
Qxd6 Qd8 35. Qxd8+ Rxd8 36. Bf1 1-0

[Event "Bundesliga 9899"]
[Site "Deutschland"]
[Date "1999.02.20"]
[Round "10.4"]
[White "Mueller, Matthias"]
[Black "Schulze, Ulrich"]
[Result "1/2-1/2"]
[WhiteElo "2395"]
[BlackElo "2360"]
[PlyCount "100"]
[EventDate "1998.10.17"]
[EventType "team"]
[EventRounds "15"]
[EventCountry "GER"]
[SourceTitle "Bundesliga 9899"]
[Source "DeepChess"]
[SourceDate "2005.01.01"]
[SourceVersion "1"]
[SourceVersionDate "2005.01.01"]
[SourceQuality "1"]
[WhiteTeam "Erfurter SK"]
[BlackTeam "SK Viernheim"]
[WhiteTeamCountry "GER"]
[BlackTeamCountry "GER"]

1. e4 Nf6 2. e5 Nd5 3. d4 d6 4. c4 Nb6 5. exd6 exd6 6. Nf3 Be7 7. Be2 O-O 8.
O-O Bg4 9. Nc3 Nc6 10. b3 Bf6 11. Be3 d5 12. c5 Nc8 13. h3 Be6 14. Qd2 h6 15.
Bd3 Qd7 16. Ne2 Bf5 17. Bxf5 Qxf5 18. Ng3 Qg6 19. Bf4 N8e7 20. Bxc7 Nf5 21.
Nxf5 Qxf5 22. b4 a6 23. a4 Rfe8 24. b5 Nd8 25. Be5 Ne6 26. Rfe1 Nxc5 27. dxc5
Bxe5 28. Rxe5 Rxe5 29. Nxe5 Qxe5 30. Re1 Qf5 31. Rc1 axb5 32. axb5 Qe5 33. Qe3
Qxe3 34. fxe3 Kf8 35. c6 bxc6 36. Rxc6 Ra1+ 37. Kf2 Ke7 38. Rc7+ Ke6 39. b6 Rb1
40. b7 g5 41. g4 Rb2+ 42. Ke1 f6 43. Kd1 Kd6 44. Rh7 Ke5 45. Kc1 Rb3 46. Kc2
Rb5 47. Re7+ Kd6 48. Rh7 Ke5 49. Kd3 Rb3+ 50. Kc2 Rb5 1/2-1/2

[Event "Bundesliga 9899"]
[Site "Deutschland"]
[Date "1999.02.20"]
[Round "10.5"]
[White "Schwalfenberg, Joerg"]
[Black "Renner, Christoph"]
[Result "1-0"]
[WhiteElo "2360"]
[BlackElo "2437"]
[PlyCount "85"]
[EventDate "1998.10.17"]
[EventType "team"]
[EventRounds "15"]
[EventCountry "GER"]
[SourceTitle "Bundesliga 9899"]
[Source "DeepChess"]
[SourceDate "2005.01.01"]
[SourceVersion "1"]
[SourceVersionDate "2005.01.01"]
[SourceQuality "1"]
[WhiteTeam "SK Viernheim"]
[BlackTeam "Erfurter SK"]
[WhiteTeamCountry "GER"]
[BlackTeamCountry "GER"]

1. d4 f5 2. Bg5 g6 3. e3 Bg7 4. Nd2 Nf6 5. Bd3 Nc6 6. h4 e5 7. c3 h6 8. Bxf6
Qxf6 9. Ne2 b6 10. Qc2 Bb7 11. O-O-O O-O-O 12. d5 Ne7 13. e4 c6 14. c4 Kb8 15.
Nc3 Rc8 16. f3 b5 17. d6 Qxd6 18. cxb5 cxb5 19. Bxb5 Qe6 20. Qa4 Rhd8 21. Kb1
d5 22. exd5 Nxd5 23. Nxd5 Bxd5 24. Ba6 Rc6 25. Bb5 Rc7 26. Ba6 Rc6 27. Bb5 Rc7
28. Nc4 e4 29. Ne3 Qe5 30. Qb4 Rb7 31. f4 Qe6 32. a4 a6 33. Qa5 Qf6 34. Qb4 Be6
35. Rxd8+ Qxd8 36. Rd1 Qb6 37. Rd6 Qxe3 38. Rxe6 axb5 39. Re8+ Kc7 40. Re7+ Kc8
41. Re8+ Kc7 42. Re7+ Kc6 43. Re6+ 1-0